000 00273nam a22001217a 4500
008 170227b xxu||||| |||| 00| 0 eng d
041 _aeng
080 _a577
100 _a5
101 _aSHMD
245 _aINTRODUCTION TO MODERN BIOCHEMISTRY
_cKARLSON, P
942 _2udc
_cBK
999 _c6306
_d6306